¿Cuánta globalización podemos soportar? /

Ensayo que aborda la interrogante ¿hasta qué punto el individuo puede dejarse absorber por la globalización? La tesis del autor es defender la necesidad de un sujeto autónomo y moralmente responsable de sus actos pero que a menudo se ve superado por las exigencias de un todo que lo caracterizan los...

Popoln opis

Shranjeno v:
Bibliografske podrobnosti
Glavni avtor: Safranski, Rüdiger (autor)
Drugi avtorji: Gabás, Raúl (traducción) (traducción)
Format: Knjiga
Jezik:španščina
Izdano: Barcelona, España : Tusquets, 2004, c2004
Serija:(Ensayo Tusquets ; 56)
Teme:
Oznake: Označite
Brez oznak, prvi označite!

MARC

LEADER 00000nam^a2200000^a^4500
001 000181328
005 20250521000000.0
009 20260310101929.332
020 |a 84-8310-967-0 
037 |a Acervo ITESO - Biblioteca 
041 |a ESP 
082 |a 320. 9  |b SAF 
100 |a Safranski, Rüdiger  |e (autor) 
245 1 0 |a ¿Cuánta globalización podemos soportar? /  |c R. Safranski ; tr. por R. Gabás. 
264 4 |a Barcelona, España :  |b Tusquets,  |c 2004, c2004 
300 |a 120 p. 
336 |a texto  |b txt  |2 rdacontenido 
337 |a sin mediación  |b n  |2 rdamedio 
338 |a volumen  |b nc  |2 rdasoporte 
440 1 |a (Ensayo Tusquets ;  |v 56) 
500 |a Traducción de: Wieviel Globalisierung verträgt der Mensch? 
520 |a Ensayo que aborda la interrogante ¿hasta qué punto el individuo puede dejarse absorber por la globalización? La tesis del autor es defender la necesidad de un sujeto autónomo y moralmente responsable de sus actos pero que a menudo se ve superado por las exigencias de un todo que lo caracterizan los aspectos sociales, económicos y simbólicos, y que amenazan con consumirlo. 
521 |a 2012-2016 BO Currículum Universitario 
649 |a XX 
650 |a Consumo -  |x Aspectos Sociales y Culturales 
650 |a Globalización -  |x Aspectos Sociales y Culturales -  |x Tema Principal 
650 |a Globalización -  |x Aspectos Eticos 
650 |a Sociología 
650 |a Política 
700 |a Gabás, Raúl  |e (traducción) 
910 |a Fondo General 
920 |a Impresos - Libros 
930 |a Colección General 
905 |a 101 
901 |a 0500121237  |b IT1  |c ACC  |u 20250521 
901 |a 0500121717  |b IT1  |c ACC  |u 20250521 
901 |a 0500238849  |b IT1  |c ACC  |i C143601  |u 20250521 
901 |a 0500238846  |b IT1  |c ACC  |i C143602  |u 20250521 
901 |a 0500238843  |b IT1  |c ACC  |i C143603  |u 20250521 
902 |a https://opac.biblio.iteso.mx/vufind/Record/000181328